| 000 | 00812 a2200229 4500 | ||
|---|---|---|---|
| 005 | 20140903175024.0 | ||
| 008 | 140207s2012 enk||||fr|||| 001 0 eng d | ||
| 020 | _a9780415421058 | ||
| 040 |
_aCO-BoUCM _bspa _cJose A. Gerena _dDiana Londoño |
||
| 041 | _aeng | ||
| 100 | 1 |
_aWalker, William _d1946 - _955102 |
|
| 245 | 1 | 2 |
_aA Perpetual Menace _bnuclear weapons and international order _cWilliam Walker |
| 260 |
_bRoutledge _aLondres (Inglaterra) _c2012 |
||
| 300 | _axv, 239 páginas | ||
| 490 |
_aRoutledge global security studies _v28 |
||
| 504 | _aIncluye referencias bibliográficas e índices | ||
| 650 | 7 |
_aArmas nucleares _99357 |
|
| 650 | 7 |
_aDesarme nuclear _912922 |
|
| 690 |
_942754 _aCiencia política |
||
| 942 |
_a6 _cLIBRO _e1 _mW177p _2DEWEY _h327.174 |
||
| 999 |
_c184513 _d184513 |
||